श्री अरविंद की साहित्य-चिंतना / (Record no. 118992)
[ view plain ]
| 000 -LEADER | |
|---|---|
| fixed length control field | 01219nam a22002657a 4500 |
| 005 - DATE AND TIME OF LATEST TRANSACTION | |
| control field | 20170124103125.0 |
| 010 ## - LIBRARY OF CONGRESS CONTROL NUMBER | |
| LC control number | A-918336 |
| 020 ## - INTERNATIONAL STANDARD BOOK NUMBER | |
| Terms of availability | 160.00 |
| 035 ## - SYSTEM CONTROL NUMBER | |
| System control number | A-918336 |
| 037 ## - SOURCE OF ACQUISITION | |
| Source of stock number/acquisition | Cen Lib/Ret |
| 040 ## - CATALOGING SOURCE | |
| Original cataloging agency | DPL |
| Language of cataloging | HN |
| 082 ## - DEWEY DECIMAL CLASSIFICATION NUMBER | |
| Classification number | 181.499 |
| Item number | शिवना |
| 100 ## - MAIN ENTRY--PERSONAL NAME | |
| Personal name | शिवनाथ |
| 9 (RLIN) | 500 |
| 245 ## - TITLE STATEMENT | |
| Title | श्री अरविंद की साहित्य-चिंतना / |
| Statement of responsibility, etc | शिवनाथ |
| 246 ## - VARYING FORM OF TITLE | |
| Title proper/short title | Sri Aurobindo ki sahitya-chintana / |
| Remainder of title | by Shivnath |
| 260 ## - PUBLICATION, DISTRIBUTION, ETC. (IMPRINT) | |
| Place of publication, distribution, etc | कलकत्ता |
| Name of publisher, distributor, etc | कायं फाउंडेशन |
| Date of publication, distribution, etc | 1998 |
| 270 ## - ADDRESS | |
| City | कलकत्ता |
| Address | 7, लायंस रोड रेंज |
| Postal code | 700001 |
| 300 ## - PHYSICAL DESCRIPTION | |
| Extent | 369पृ. |
| Dimensions | 21सेमी (सजिल्द) |
| 500 ## - GENERAL NOTE | |
| General note | सन्दर्भ सूची शामिल |
| 650 ## - SUBJECT ADDED ENTRY--TOPICAL TERM | |
| Topical term or geographic name as entry element | साहित्य चिंतना--श्री अरविन्द |
| 9 (RLIN) | 82837 |
| 650 ## - SUBJECT ADDED ENTRY--TOPICAL TERM | |
| Topical term or geographic name as entry element | भारतीय दर्शन शास्त्र--साहित्य और संस्कृति |
| 9 (RLIN) | 82838 |
| 650 ## - SUBJECT ADDED ENTRY--TOPICAL TERM | |
| Topical term or geographic name as entry element | Literature indication--Sri Aurobindo |
| 9 (RLIN) | 82839 |
| 650 ## - SUBJECT ADDED ENTRY--TOPICAL TERM | |
| Topical term or geographic name as entry element | Indian philosophy--Literature and Culture |
| 9 (RLIN) | 82840 |
| 942 ## - ADDED ENTRY ELEMENTS (KOHA) | |
| Source of classification or shelving scheme | Dewey Decimal Classification |
| Koha item type | Hindi Books |
| Classification part | 181.499 |
| Call number suffix | शिवना |
| Withdrawn status | Lost status | Damaged status | Not for loan | Home library | Current library | Date acquired | Source of acquisition | Cost, normal purchase price | Total Checkouts | Full call number | Barcode | Date last seen | Copy number | Cost, replacement price | Price effective from | Koha item type |
|---|---|---|---|---|---|---|---|---|---|---|---|---|---|---|---|---|
| Central Library | Central Library | 14/09/2015 | Cen Lib/Ret | 160.00 | 181.499 शिवना | A-918336 | 14/09/2015 | 1 | 160.00 | 14/09/2015 | Hindi Books |
